<?xml version="1.0" encoding="UTF-8"?>
<record
    xmlns:xsi="http://www.w3.org/2001/XMLSchema-instance"
    xsi:schemaLocation="http://www.loc.gov/MARC21/slim http://www.loc.gov/standards/marcxml/schema/MARC21slim.xsd"
    xmlns="http://www.loc.gov/MARC21/slim">

  <leader>02582nam a2200313   4500</leader>
  <controlfield tag="001">23</controlfield>
  <controlfield tag="003">OSt</controlfield>
  <controlfield tag="005">20250528074009.0</controlfield>
  <controlfield tag="008">250121b        |||||||e |||| 00| 1 eng d</controlfield>
  <datafield tag="020" ind1=" " ind2=" ">
    <subfield code="a">8532511821</subfield>
  </datafield>
  <datafield tag="040" ind1=" " ind2=" ">
    <subfield code="b">por</subfield>
  </datafield>
  <datafield tag="041" ind1=" " ind2=" ">
    <subfield code="h">eng</subfield>
    <subfield code="a">por</subfield>
  </datafield>
  <datafield tag="082" ind1=" " ind2=" ">
    <subfield code="a">813</subfield>
    <subfield code="b">A473n</subfield>
  </datafield>
  <datafield tag="100" ind1="1" ind2=" ">
    <subfield code="a">Alvarez, Julia</subfield>
    <subfield code="d">1950-</subfield>
    <subfield code="9">52</subfield>
  </datafield>
  <datafield tag="240" ind1=" " ind2=" ">
    <subfield code="a">In the time of the butterflies</subfield>
  </datafield>
  <datafield tag="245" ind1=" " ind2=" ">
    <subfield code="a">No tempo das Borboletas /</subfield>
    <subfield code="c">Alvarez, Julia ; Tradu&#xE7;&#xE3;o de L&#xE9;a Viveiros de Castro</subfield>
  </datafield>
  <datafield tag="260" ind1=" " ind2=" ">
    <subfield code="a">Rio de Janeiro</subfield>
    <subfield code="b">Rocco</subfield>
    <subfield code="c">2001</subfield>
  </datafield>
  <datafield tag="300" ind1=" " ind2=" ">
    <subfield code="a">315 p.</subfield>
  </datafield>
  <datafield tag="520" ind1=" " ind2=" ">
    <subfield code="a">Ambientado durante os &#xFA;ltimos dias da ditadura de Trujillo na Rep&#xFA;blica Dominicana em 1960, este romance extraordin&#xE1;rio conta a hist&#xF3;ria das irm&#xE3;s Mirabal, tr&#xEA;s jovens esposas e m&#xE3;es que s&#xE3;o assassinadas ap&#xF3;s visitarem seus maridos presos.

Do autor de How the Garcia Girls Lost Their Accents, vem este conto de coragem e irmandade ambientado na Rep&#xFA;blica Dominicana durante a ascens&#xE3;o da ditadura de Trujillo. Uma mistura habilidosa de fato e fic&#xE7;&#xE3;o, In the Time of the Butterflies &#xE9; inspirado na hist&#xF3;ria real das tr&#xEA;s irm&#xE3;s Mirabal que, em 1960, foram assassinadas por sua participa&#xE7;&#xE3;o em uma conspira&#xE7;&#xE3;o clandestina para derrubar o governo. Alvarez d&#xE1; vida a essas figuras hist&#xF3;ricas &#x2014; conhecidas como "las mariposas" ou "as borboletas" no subsolo &#x2014; enquanto imagina seus anos de adolesc&#xEA;ncia, seu envolvimento gradual com a revolu&#xE7;&#xE3;o e seu terror quando sua dissid&#xEA;ncia &#xE9; descoberta.

A escrita controlada de Alvarez captura perfeitamente a tens&#xE3;o crescente enquanto "as borboletas" se aproximam de seu fim horr&#xED;vel. O romance come&#xE7;a com as lembran&#xE7;as de Dede, a quarta e sobrevivente irm&#xE3;, que teme abandonar suas rotinas e seu marido para se juntar ao movimento. Alvarez tamb&#xE9;m oferece as perspectivas das outras irm&#xE3;s: a corajosa e franca Minerva, a l&#xED;der pol&#xED;tica da fam&#xED;lia; a piedosa Patria, que abandona sua f&#xE9; para se juntar &#xE0;s irm&#xE3;s ap&#xF3;s testemunhar as atrocidades da tirania; e a irm&#xE3;zinha, a sens&#xED;vel Maria Teresa, que, em uma s&#xE9;rie de di&#xE1;rios, narra sua lealdade a Minerva e a ang&#xFA;stia f&#xED;sica e espiritual da vida na pris&#xE3;o.

In the Time of the Butterflies &#xE9; um livro not&#xE1;vel da American Library Association e indicado ao National Book Critics Circle Award de 1995.</subfield>
  </datafield>
  <datafield tag="650" ind1=" " ind2="0">
    <subfield code="a">Literatura Americana</subfield>
    <subfield code="9">84</subfield>
  </datafield>
  <datafield tag="650" ind1=" " ind2="0">
    <subfield code="a">Grandes Amizades</subfield>
    <subfield code="9">28</subfield>
  </datafield>
  <datafield tag="650" ind1=" " ind2="0">
    <subfield code="a">Ditadura</subfield>
    <subfield code="9">34</subfield>
  </datafield>
  <datafield tag="650" ind1=" " ind2="0">
    <subfield code="a">Emponderamento </subfield>
    <subfield code="9">32</subfield>
  </datafield>
  <datafield tag="650" ind1=" " ind2="0">
    <subfield code="a">Hist&#xF3;rico</subfield>
    <subfield code="9">53</subfield>
  </datafield>
  <datafield tag="655" ind1=" " ind2="0">
    <subfield code="a">Romance</subfield>
    <subfield code="9">23</subfield>
  </datafield>
  <datafield tag="655" ind1=" " ind2="0">
    <subfield code="a">Fic&#xE7;&#xE3;o </subfield>
    <subfield code="9">22</subfield>
  </datafield>
  <datafield tag="700" ind1=" " ind2=" ">
    <subfield code="a">L&#xE9;a Viveiros de Castro</subfield>
    <subfield code="e">Tradutor</subfield>
    <subfield code="9">54</subfield>
  </datafield>
  <datafield tag="942" ind1=" " ind2=" ">
    <subfield code="2">ddc</subfield>
    <subfield code="n">0</subfield>
    <subfield code="c">BK</subfield>
  </datafield>
  <datafield tag="952" ind1=" " ind2=" ">
    <subfield code="0">0</subfield>
    <subfield code="1">0</subfield>
    <subfield code="2">ddc</subfield>
    <subfield code="4">0</subfield>
    <subfield code="7">0</subfield>
    <subfield code="8">FIC</subfield>
    <subfield code="a">BIBIB</subfield>
    <subfield code="b">BIBIB</subfield>
    <subfield code="c">LE</subfield>
    <subfield code="d">2013-12-18</subfield>
    <subfield code="e">doa&#xE7;&#xE3;o</subfield>
    <subfield code="l">0</subfield>
    <subfield code="o">813 / A473n</subfield>
    <subfield code="p">2025-14835</subfield>
    <subfield code="r">2025-01-20 08:34:18</subfield>
    <subfield code="w">2025-01-20</subfield>
    <subfield code="y">BK</subfield>
  </datafield>
  <datafield tag="999" ind1=" " ind2=" ">
    <subfield code="c">23</subfield>
    <subfield code="d">23</subfield>
  </datafield>
</record>
